| 000 | 00362nam a2200157Ia 4500 | ||
|---|---|---|---|
| 008 | 230524s9999 xx 000 0 und d | ||
| 082 |
_a4 _bDEX |
||
| 100 |
_aComdex _917386 |
||
| 245 | 0 | _aWindows 3.1/3.11 Simplified | |
| 250 | _a1ST | ||
| 260 |
_aNEW DELHI _bIDG _c2000 |
||
| 300 | _a232 | ||
| 500 | _aQuantity Number: 1 | ||
| 650 | _aComp-Sc | ||
| 942 | _cBK | ||
| 999 |
_c26236 _d26236 |
||